2831-大阪市淀川区(大阪府)の駅 - Statistics

General Stats
  • This quiz has been taken 12 times
  • The average score is 8 of 10
Answer Stats
Answer % Correct
新大阪
100%
十三
100%
塚本
92%
東淀川
92%
西中島南方
83%
東三国
83%
神崎川
75%
南方
75%
加島
67%
三国
67%
No matching quizzes found
Score Distribution
Percent of People with Each Score
Percentile by Number Answered
Your Score History
You have not taken this quiz